A digital photographer's guide to model releases : making the best business decisions with your photos of people, places and things (Record no. 17293)

MARC details
000 -LEADER
fixed length control field 00452nam a2200145Ia 4500
008 - FIXED-LENGTH DATA ELEMENTS--GENERAL INFORMATION
fixed length control field 230312s9999||||xx |||||||||||||| ||und||
020 ## - INTERNATIONAL STANDARD BOOK NUMBER
International Standard Book Number 9780495897804
082 ## - DEWEY DECIMAL CLASSIFICATION NUMBER
Classification number 771
Item number WAR-P
100 ## - MAIN ENTRY--PERSONAL NAME
Personal name Heller,Dan
245 #2 - TITLE STATEMENT
Title A digital photographer's guide to model releases : making the best business decisions with your photos of people, places and things
260 ## - PUBLICATION, DISTRIBUTION, ETC.
Name of publisher, distributor, etc. Cengage
Place of publication, distribution, etc. USA
Date of publication, distribution, etc. 2012
300 ## - PHYSICAL DESCRIPTION
Extent 254
650 ## - SUBJECT ADDED ENTRY--TOPICAL TERM
Topical term or geographic name entry element Computer
Form subdivision Photography
942 ## - ADDED ENTRY ELEMENTS (KOHA)
Koha item type BOOK
Holdings
Withdrawn status Lost status Source of classification or shelving scheme Damaged status Not for loan Home library Current library Date acquired Total Checkouts Full call number Barcode Date last seen Price effective from Koha item type
    Dewey Decimal Classification     Superior Information Resource Center (SIRC) Superior University- Gold Campus Superior Information Resource Center (SIRC) Superior University- Gold Campus 03/13/2023   771 WAR-P 18194 03/13/2023 03/13/2023 BOOK

Powered by Koha